| 000 | nam a22 a 4500 | ||
|---|---|---|---|
| 999 |
_c135450 _d135450 |
||
| 003 | BLK | ||
| 005 | 20201016133037.0 | ||
| 008 | 180409b bul|||||r ||||||| ||bul|| | ||
| 010 | _aKNG00141376000 | ||
| 040 | _aBLK | ||
| 041 |
_aBUL _cBUL |
||
| 072 | 7 |
_2bullib _aЦ _xРедки и ценни |
|
| 080 |
_aФренска литература _b821.133.1 _x-22 _z821.133.1-22 |
||
| 100 | 1 |
_aРишпен, Жан _eпърви автор _9116390 |
|
| 139 |
_aРишпен, Жан _bР 67 |
||
| 245 | 1 | 0 |
_aСтария моряк _bКомедия в 3 д. _cЖан Ришпен; прев. от фр. Х. М. Басан; прев. от фр. Петър Христов Генков. |
| 257 | _aFRA | ||
| 260 |
_c1896 _fВарна : печ. Взаимност _aВарна |
||
| 300 |
_a60 с. _c19 см |
||
| 380 | _aX | ||
| 490 | 1 |
_aТеатрална библиотека _vСерия II, № 2 |
|
| 490 |
_aКолекция Редки и ценни издания _9435080 |
||
| 500 | _aЕкз. с инв. № 767386 е подв. към Желязната маска / О. Арну и Н. Фурние. 1897 със сигн. Рб 897 и инв. № 18802/58. Екз. с Инв. № 3017 подв. с 10 книги. | ||
| 505 |
_tВиктор Юго. Клетниците. 1896 _tХерман Зудерман. Чест. 1896 _tАлександър Дюма-син. Идеите на Госпожа Обре. 1897 - 2 екз. _tЖелязната маска. 1897 _tСъвестта на жертвите на Балкана. 1884 _tМария-Жана. 1897 _tДвете сирачета. 1896 _tДамата с камелиите. 1897 _tЛеонарда. 1900 |
||
| 653 | _aкомедии | ||
| 659 | _aЦ | ||
| 700 | 1 |
_aБасан, Х. М. _eпрев. от фр. _gГенков, Петър Христов _9317492 |
|
| 700 | 1 |
_aГенков, Петър Христов _eпрев. от фр. _9377088 |
|
| 852 |
_aРб 896 _bРц |
||
| 856 | 4 | _qpdf | |
| 856 | 4 | _qpdf | |
| 942 |
_cKNG _n0 _s1 |
||
| 944 |
_aCR _c26.03.2013 _lф / 26.03.2013 _kЛюдмила_Стоянова |
||
| 944 |
_aED _c04.11.2013 _lф / 26.03.2013 |
||
| 999 | _d135450 | ||
| 999 | _d135450 | ||